LIBRARY & INFORMATION CENTRE, KCAET, TAVANUR

ONLINE PUBLIC ACCESS CATALOGUE (OPAC)

Normal view MARC view
  • Theraja, B. L

Entry Personal Name

Number of records used in: 1

001 - CONTROL NUMBER

  • control field: 4783

003 - CONTROL NUMBER IDENTIFIER

  • control field: OSt

005 - DATE AND TIME OF LATEST TRANSACTION

  • control field: 20201013113812.0

008 - FIXED-LENGTH DATA ELEMENTS

  • fixed length control field: 201013|| aca||aabn | a|a d

040 ## - CATALOGING SOURCE

  • Original cataloging agency: OSt
  • Transcribing agency: OSt

100 ## - HEADING--PERSONAL NAME

  • Personal name: Theraja, B. L
  • Personal name: Theraja, A. K

670 ## - SOURCE DATA FOUND

  • Source citation: Work cat.: (OSt): Theraja, B. L Theraja, A. K, A textbook of electrical technology : in S.I. system of units : Vol. 2,. AC and DC machines
free website counter